Top 50 Baby Girl Names Beginning with J - Statistics

General Stats
  • This quiz has been taken 336 times
  • The average score is 26 of 50
Answer Stats
Hint Answer % Correct
13 Jane
92%
33 Julie
92%
41 Jessie
91%
3 Julia
89%
21 Jennifer
88%
20 Jessica
86%
2 Jade
82%
5 Jasmine
74%
36 Jazmin
74%
46 Jazmine
74%
12 Joanna
74%
37 Johanna
74%
40 Jamie
73%
1 Josephine
70%
9 Juliana
70%
15 Julianna
70%
29 Jenna
68%
8 June
68%
4 Josie
67%
19 Joy
65%
23 Jacequeline
64%
18 Juliet
64%
7 Juliette
64%
22 Jordan
63%
10 Jordyn
63%
27 Jada
62%
35 Jayda
62%
14 Jocelyn
58%
24 Jolene
46%
50 Judith
46%
32 Jemma
44%
43 Jolie
41%
6 Juniper
40%
17 Jayla
39%
44 Jaylah
39%
38 Janelle
32%
49 Jaylin
29%
34 Julieta
28%
11 Journee
24%
16 Journey
24%
39 Journi
24%
31 Justice
22%
48 Jianna
20%
45 Joelle
16%
28 Jazlyn
13%
25 Jimena
12%
47 Julissa
10%
30 Jayleen
9%
26 Jaliyah
5%
42 Janiyah
5%
No matching quizzes found
Score Distribution
Percent of People with Each Score
Percentile by Number Answered
Your Score History
You have not taken this quiz